| 000 | 00371nam a2200145Ia 4500 | ||
|---|---|---|---|
| 008 | 240624s9999 xx 000 0 und d | ||
| 041 | _aeng | ||
| 082 | _a658.4012 GRA | ||
| 100 | _aGRANT ROBERT M | ||
| 245 | _aCONTEMPORARY STRATEGY ANALYSIS TEXT ONLY | ||
| 250 | _a(7th ed.) | ||
| 260 |
_c2010 _aChichester _bJohn Wiley and Sons |
||
| 300 | _a516 : p. | ||
| 365 |
_c _b25 |
||
| 999 |
_c19150 _d19150 |
||